000 01515nam a2200373 a 4500
001
003 DO-SdBNP
005 20220930105357.0
008 090522s2003 dr 000 0 spa d
020 _a9993455571
020 _a9789993455578
040 _aBPMSU
_bspa
_cBPMSU
082 _a972.93053
_bJ61u, 2003
_222
100 1 _aJimenes Grullón, Juan Isidro,
_d1903-1983
245 1 0 _aUna gestapo en América :
_b(vida, tortura, agonía y muerte de presos políticos bajo la tiranía de Trujillo) /
_cJuan Isidro Jimenes Grullón ; introducción Mariano Mella ; introducción a la edición Bernardo Vega ; prólogo Raúl Roa.
246 1 4 _aUna gestapo en América
250 _a8a ed.
260 _aSanto Domingo :
_bSociedad Dominicana de Bibliófilos,
_c2003.
300 _a365 p. ;
_c24 cm.
490 0 _aBibliófilos 2000
_v8
500 _aIncluye datos biográficos del autor en la contracubierta
504 _aIncluye referencias bibliográficas y notas al pie de las páginas.
590 _a Inventariado. 2021/VM
600 1 0 _aJimenes Grullón, Juan Isidro,
_d1903-1983
650 4 _aDelitos políticos
_xHistoria
_zRepública Dominicana
651 4 _aRepública Dominicana
_xHistoria
_yEra de Trujillo 1930-1961
651 4 _aRepública Dominicana
_xPolítica gobierno
_yEra de Trujillo 1930-1961
700 1 _aOlivo Álvarez, Sócrates
700 1 _aMella, Mariano
700 1 _aRoa, Raúl,
_dpról.
700 _aVega, Bernardo,
_d1938 -
910 _aVMateo V.
942 _2ddc
_cBK
999 _c13591
_d13591